Historická revue jediný slovenský odborný mesačník o histórii pre všetkých

Gespeichert in:
Bibliographische Detailangaben
Format: Schriftenreihe
Sprache:Slowakisch
Veröffentlicht: Bratislava Slovenský archeologický a historický inštitút - SAHI 2022
Tags: Tag hinzufügen
Keine Tags, Fügen Sie das erste Tag hinzu!

MARC

LEADER 00000nas2a2200000 4500
001 0284576
005 20220602111750.1
022 |a 1335-6550 
041 0 |a slo 
044 |a SK 
245 1 0 |a Historická revue  |b jediný slovenský odborný mesačník o histórii pre všetkých 
264 1 |a Bratislava  |b Slovenský archeologický a historický inštitút - SAHI  |c 2022 
773 0 |w eu_un_cat*0018182